Представление документа в формате MARC21

Поле Инд. ПП Название Значение
Тип записи a
Библиографический уровень m
001 Контрольный номер RU/IS/BASE/173528318
005 Дата корректировки 20240123162942.1
008 Кодируемые данные 20050701
041 a Код языка текста rus
084 a Индекс другой классификации/Индекс ББК 9
090 a Полочн. индекс 95.2
x Авторский знак G 37
245 a Заглавие GEOFocus
b Продолж. заглавия увлекательный мир: Земля
c Ответственность учредитель: Грунер+Яр; гл. ред. Н. Моисеева
n Номер части/ раздела №4/2004
260 a Место издания Москва
b Издательство Грунер+Яр
c Дата издания 2004
300 a Объем 98 с.
500 a Примечание Журнал
a Примечание Главная тема номера: Пришельцы
a Примечание Подарочный экземпляр
650 a Основная рубрика универсальная тематика
653 a Ключевые слова архитектура
a Ключевые слова инопланетные цивилизации
a Ключевые слова природа
a Ключевые слова пришельцы
a Ключевые слова психология
a Ключевые слова среда обитания
773 w Контрольный № источника RU/IS/BASE/407523519
901 t Тип документа s